les 20 derniers romans ayant eu le prix goncourt - Statistiques

Statistiques générales
  • Ce quiz a été pris 44 fois
  • Le résultat moyen est 6 sur 20
Statistiques - réponses
Réponse % Correct
2010 la carte et le territoire
57%
2006 les bienveillantes
43%
2001 rouge brésil
43%
2009 trois femmes puissantes
43%
2014 pas pleurer
39%
2013 au revoir là haut
36%
2015 boussole
36%
2007 alabama song
29%
1999 je m'en vais
29%
2011 l'art francais de la guerre
29%
2005 trois jours chez ma mère
29%
2000 ingrid caven
25%
2008 syngué sabour
25%
1996 le chasseur zéro
21%
2012 le sermon sur la chute de rome
21%
1997 la bataille
18%
2003 la maitresse de brecht
18%
2002 les ombres errantes
18%
1998 confidence pour confidence
14%
2004 les soleil des scorta
0%
Aucun quiz correspondant
Distribution des résultats
% des personnes avec chaque résultat
Percentile par nombre de réponses
Votre historique - résultats
Vous n’avez pas pris ce quiz